00913cam a22002412 450000100060000000300080000600500170001400800410003103500510007204000270012304100080015008200220015810000410018024501230022126000430034430000260038750400300041365000250044365000290046894200120049799900170050995201450052634499BD-RjUL20211209052153.0140517s1977 pk b 000 0 eng d aOCLC ocm05147516 from D980205Ma(BD-RjUL)34593 aDLCcDLCdBD-RjULbeng aeng00a340.59bMUP 19771 aMuslehuddin, Mohammadd1913-910493010aPhilosophy of Islamic law and the orientalists :ba comparative study of Islamic legal system /cMohammad Muslehuddin. aLahore :bIslamic Publications,c1977. axvi, 302 p. ;c23 cm. aBibliography: p. 297-302. 0aIslamic law.9104931 0aLawxPhilosophy.9104932 2ddccBK c34499d34499 00102ddc40718NFICaRUCLbRUCLcReadingd1979-06-21eAsia Foundationg0.00l0o340.59 MUP 1977r2014-05-17 00:00:00tC-1w2014-05-17yBK